| 000 | 01247nam a2200361Ic 4500 | ||
|---|---|---|---|
| 001 | 60863 | ||
| 003 | CO-BoRNBP | ||
| 005 | 20260413204109.0 | ||
| 007 | ta | ||
| 008 | 180815s2017 sp a g 000 0 spa | ||
| 020 | _a9789584255471 | ||
| 040 |
_aCO-BoRNBP _bspa _erda _cCO-BoRNBP |
||
| 041 | _aspa | ||
| 082 | 0 | 4 |
_a909 _bF71c |
| 100 | 1 | 0 |
_aFrankopan, Peter _eaut _969638 |
| 245 | 1 | 3 |
_aEl corazón del mundo : _buna nueva historia universal / _cPeter Frankopan ; traducción castellana de Luis Noriega. |
| 250 | _aTercera edición | ||
| 264 | 1 |
_aBarcelona, España : _bCrítica, _c2017 |
|
| 300 |
_a776 páginas : _bilustraciones en blanco y negro y a color |
||
| 336 |
_atexto _btxt _2rdacontent |
||
| 337 |
_asin mediación _bn _2rdamedia |
||
| 338 |
_avolumen _bnc _2rdacarrier |
||
| 500 | _aIncluye datos biográficos del autor en la solapa | ||
| 500 | _aIncluye índice alfabético | ||
| 521 | _aRecomendado para público adulto | ||
| 650 | 1 | 7 |
_aGuerra _xHistoria _2lemb _969639 |
| 650 | 1 | 7 |
_aImperialismo _xHistoria _2lemb _969640 |
| 650 | 1 | 7 |
_aReligión _xHistoria _2lemb _962976 |
| 650 | 1 | 7 |
_aHistoria universal _2lemb |
| 651 | 0 |
_aRuta De La Seda (Asia) _xHistoria _969641 |
|
| 700 | 1 | 0 |
_aNoriega, Luis, _d1972- _92134 |
| 942 |
_2ddc _cBK |
||
| 999 |
_c60863 _d60863 |
||